| 000 | 00573cac a22001691u 4500 | ||
|---|---|---|---|
| 008 | 090216t 1993xxu||||| |||| 00| 0 eng d | ||
| 010 | _a92006476 | ||
| 020 | _a0023099437 | ||
| 082 | 0 | 0 |
_a658.152 _bBIE |
| 245 | 1 | 4 |
_aThe capital budgeting decision : _beconomic analysis of investment projects / _cHarold Bierman, Jr., Seymour Smidt. |
| 250 | _a8th ed. | ||
| 260 |
_aNew York : _bMacmillan Pub. Co., _cc1993. |
||
| 300 |
_axv, 591 p. : _bill. ; _c24 cm. |
||
| 504 | _aIncludes bibliographical references and index. | ||
| 700 | 1 | _aSmidt, Seymour. | |
| 942 |
_cBB _k658.152BIE _2ddc |
||
| 999 |
_c4261 _d4261 |
||